| 000 | 00614cam a22002177a 4500 | ||
|---|---|---|---|
| 999 |
_c3450 _d3450 |
||
| 001 | 3809542 | ||
| 003 | GBCCL | ||
| 005 | 20241126110455.0 | ||
| 008 | 950502s1995 enkd 000|0 eng d | ||
| 020 | _a0854763546 | ||
| 035 | _a(OCoLC)ocn686366999 | ||
| 035 | _a3809542 | ||
| 040 |
_aCtY-D _cCtY-D |
||
| 082 |
_a262.1 _bDUN |
||
| 100 | 1 |
_aDunn, James D. G., _d1939- _9207 |
|
| 245 | 1 | 4 |
_aThe effective leader / _cJames Dunn. |
| 260 |
_aEast Sussex : _bKingsway Publications, _cc1995. |
||
| 300 |
_a219 p. : _bill. ; _c20 cm. |
||
| 650 | 0 |
_aChristian leadership _vHandbooks, manuals, etc. _96990 |
|
| 942 |
_2ddc _cBK _03 |
||